Statistics for Countries Apart From Turkey That....

Click here to take the quiz!

General Stats

  • This quiz has been taken 144 times
  • The average score is 13 of 20

Answer Stats

Answer% Correct
Border IraqIran
98%
Have a Black Sea coastGeorgia
91%
Have a Black Sea coastRussia
91%
Border IraqSyria
91%
Begin with TUTurkmenistan
88%
Have a Black Sea coastRomania
84%
Border IraqSaudi Arabia
84%
Have a Black Sea coastBulgaria
82%
Border IraqJordan
80%
Border IraqKuwait
77%
Begin with TUTuvalu
77%
Begin with TUTunisia
75%
Have a Black Sea coastUkraine
72%
Have capital starting and ending in AKazakhstan(Astana)
41%
Have capital starting and ending in AAndorra(Andorra La Vella)
39%
Have capital starting and ending in AEthiopia(Addis Ababa)
33%
Have capital starting and ending in AGhana(Accra)
29%
Have capital starting and ending in AEritrea(Asmara)
27%
Have capital starting and ending in ANigeria(Abuja)
23%
Have capital starting and ending in ASamoa(Apia)
23%

Score Distribution

Percentile by Number Answered

Percent of People with Each Score

Your Score History

You have not taken this quiz